000 00456nam a22001697a 4500
003 MPLRDC
005 20220104124409.0
008 210129b ||||| |||| 00| 0 eng d
082 _a539.52 ZGMJ
100 _a中国民间文艺研究会黑龙江分会编
245 _a黑龙江民间故事选
_c
250 _a一版一刷
260 _a
_b黑龙江人民出版社
_c1983
300 _b
650 _a中国民间故事
942 _cBK
_o539.52 ZGMJ
999 _c19001
_d18991